000 00896nam a2200265Ia 4500
003 GCL
008 140319s9999 xx 000 0 ara d
040 _aGCL /
_cGCL
082 0 4 _a928.1
_bن ا
100 1 _aهلال ناجى
245 1 0 _aاربعة شعراء عباسيون /
_cهلال ناجى
700 1 _aنورى القيسى
260 _aبيروت :
_bدار الغرب الاسلامى ،
_c1994
300 _a348 ص ؛
_c26 سم
490 _a
650 0 4 _aالادب العربى
650 0 4 _aالشعراء العرب
650 0 4 _aالشعراء - تراجم
650 0 4 _aالشعر العربى - العصر العباسى الاول
650 0 4 _aيحيى بن يوسف الصرصرى
650 0 4 _aمحمود بن عمر الزمخشرى
650 0 4 _aيحيى بن على المنجم
650 0 4 _aاحمد بن طاهر طيفور
942 _2ddc
_cBK
999 _c36565
_d36565